The bravest dog ever : (Record no. 730)

MARC details
000 -LEADER
fixed length control field 01303nam a22003617a 4500
005 - DATE AND TIME OF LATEST TRANSACTION
control field 20240108090524.0
020 ## - INTERNATIONAL STANDARD BOOK NUMBER
International Standard Book Number 0394896955 (pbk.) :
Terms of availability $2.95
020 ## - INTERNATIONAL STANDARD BOOK NUMBER
International Standard Book Number 9780394896953
020 ## - INTERNATIONAL STANDARD BOOK NUMBER
International Standard Book Number 039499695X (lib. bdg.)
040 ## - CATALOGING SOURCE
Original cataloging agency DLC
Transcribing agency DLC
Modifying agency DLC
Language of cataloging eng
050 00 - LIBRARY OF CONGRESS CALL NUMBER
Classification number SF428.7
Item number .S7 1989
082 00 - DEWEY DECIMAL CLASSIFICATION NUMBER
Classification number 636.7/3
Edition number 19
100 1# - MAIN ENTRY--PERSONAL NAME
Personal name Standiford, Natalie.
245 14 - TITLE STATEMENT
Title The bravest dog ever :
Remainder of title the true story of Balto /
Statement of responsibility, etc. by Natalie Standiford ; illustrated by Donald Cook.
260 ## - PUBLICATION, DISTRIBUTION, ETC.
Place of publication, distribution, etc. New York :
Name of publisher, distributor, etc. Random House,
Date of publication, distribution, etc. 1989.
300 ## - PHYSICAL DESCRIPTION
Extent 48 pages :
Other physical details color illustrations ;
Dimensions 23 cm.
490 1# - SERIES STATEMENT
Series statement Step into reading. A Step 3 book
505 ## - FORMATTED CONTENTS NOTE
Formatted contents note L <br/>
520 ## - SUMMARY, ETC.
Summary, etc. Recounts the life of Balto, the sled dog who saved Nome, Alaska in 1925 from a diphtheria epidemic by delivering medicine through a raging snowstorm.
521 ## - TARGET AUDIENCE NOTE
Target audience note 510 <br/>
Source Lexile <br/>
521 ## - TARGET AUDIENCE NOTE
Target audience note L <br/>
Source Raz-Plus <br/>
650 #0 - SUBJECT ADDED ENTRY--TOPICAL TERM
Topical term or geographic name entry element Balto (Dog)
General subdivision Juvenile literature.
650 #0 - SUBJECT ADDED ENTRY--TOPICAL TERM
Topical term or geographic name entry element Sled dogs
Geographic subdivision Alaska
-- Nome
General subdivision Biography
-- Juvenile literature.
650 #0 - SUBJECT ADDED ENTRY--TOPICAL TERM
Topical term or geographic name entry element Diphtheria
Geographic subdivision Alaska
-- Nome
General subdivision Prevention
-- Juvenile literature.
650 #1 - SUBJECT ADDED ENTRY--TOPICAL TERM
Topical term or geographic name entry element Balto (Dog)
650 #1 - SUBJECT ADDED ENTRY--TOPICAL TERM
Topical term or geographic name entry element Sled dogs.
650 #1 - SUBJECT ADDED ENTRY--TOPICAL TERM
Topical term or geographic name entry element Dogs.
650 #1 - SUBJECT ADDED ENTRY--TOPICAL TERM
Topical term or geographic name entry element Diphtheria.
700 1# - ADDED ENTRY--PERSONAL NAME
Personal name Cook, Donald
Titles and other words associated with a name (Illustrator)
906 ## - LOCAL DATA ELEMENT F, LDF (RLIN)
a 7
b cbc
c orignew
d 1
e ocip
f 19
g y-gencatlg
942 ## - ADDED ENTRY ELEMENTS (KOHA)
Source of classification or shelving scheme Dewey Decimal Classification
Koha item type Books
Suppress in OPAC No
999 ## -
-- 730
-- 730
Holdings
Withdrawn status Lost status Source of classification or shelving scheme Damaged status Not for loan Collection Home library Current library Shelving location Date acquired Total Checkouts Full call number Barcode Date last seen Date last checked out Copy number Price effective from Koha item type
    Dewey Decimal Classification     Non-Fiction Footprints International School Library Network Toul Kork Campus Footprints International School Library Network Toul Kork Campus TK Primary Library Room(4th Floor), Bookcase 3&4, Shelves 17-32, Yellow Books 07/04/2023 2 STA 636.73 SF428.S7 FISTK01169 06/04/2024 10/23/2023 1 07/04/2023 Books
    Dewey Decimal Classification     Non-Fiction Footprints International School Library Network Toul Kork Campus Footprints International School Library Network Toul Kork Campus   07/04/2023 2 STA 636.73 SF428.S7 FISTK01176 04/08/2024 03/26/2024 2 07/04/2023 Books